Medical secrets / (Record no. 115546)

MARC details
000 -LEADER
fixed length control field 00811pam a2200265 a 4500
008 - FIXED-LENGTH DATA ELEMENTS--GENERAL INFORMATION
fixed length control field
020 ## - INTERNATIONAL STANDARD BOOK NUMBER
International Standard Book Number 1560534761 (pbk.)
049 ## - LOCAL HOLDINGS (OCLC)
Holding library MAIN
090 ## - LOCALLY ASSIGNED LC-TYPE CALL NUMBER (OCLC); LOCAL CALL NUMBER (RLIN)
Classification number (OCLC) (R) ; Classification number, CALL (RLIN) (NR) RC58
Local cutter number (OCLC) ; Book number/undivided call number, CALL (RLIN) MED
003 - CONTROL NUMBER IDENTIFIER
control field
005 - DATE AND TIME OF LATEST TRANSACTION
control field 20250317170634.0
040 ## - CATALOGING SOURCE
Transcribing agency NUST
245 00 - TITLE STATEMENT
Title Medical secrets /
Statement of responsibility, etc. [edited by] Anthony J. Zollo, Jr.
250 ## - EDITION STATEMENT
Edition statement 3rd ed.
260 ## - PUBLICATION, DISTRIBUTION, ETC.
Place of publication, distribution, etc. Philadelphia :
Name of publisher, distributor, etc. Hanley & Belfus
Date of publication, distribution, etc. 2001
300 ## - PHYSICAL DESCRIPTION
Extent xi, 564 p. :
Other physical details ill. ;
Dimensions 23 cm.
440 ## - SERIES STATEMENT/ADDED ENTRY--TITLE
Title The secrets series.
504 ## - BIBLIOGRAPHY, ETC. NOTE
Bibliography, etc. note Includes bibliographical references.
500 ## - GENERAL NOTE
General note Includes Index.
650 #0 - SUBJECT ADDED ENTRY--TOPICAL TERM
Topical term or geographic name entry element Internal medicine
General subdivision Examinations, questions, etc.
650 12 - SUBJECT ADDED ENTRY--TOPICAL TERM
Topical term or geographic name entry element Internal Medicine
Form subdivision Examination Questions.
700 1# - ADDED ENTRY--PERSONAL NAME
Personal name Zollo, Anthony J.
907 ## - LOCAL DATA ELEMENT G, LDG (RLIN)
a .b10266550
b 26-10-09
c 18-09-09
942 ## - ADDED ENTRY ELEMENTS (KOHA)
Koha item type Ordinary Loan Books
Call number prefix RC58
Call number suffix MED
Koha issues (borrowed), all copies 1
Holdings
Date last seen Total Checkouts Full call number Barcode Date last checked out Accession number Cost, replacement price Price effective from Koha item type Public note Lost status Source of classification or shelving scheme Damaged status Not for loan Collection Withdrawn status Home library Current library Shelving location Date acquired Source of acquisition Cost, normal purchase price
04/07/2025 4 RC58 ITE 92004010834 03/17/2025 16170 30.00 05/16/2023 BOOKS Donation   LCC     NFIC   Medical MAIN GEN 05/16/2023 Book Aid International 30.00